000 00552nam a2200229Ia 4500
008 210210b1950 xxu||||| |||| 00| 0 eng d
041 _aeng
082 _a514/60
100 _aKINDLE (Joseph H)
245 _aTheory and problems of plane and solid analytic geometry
260 _aNew York
_bSchaum Publishing Co
_c1950
650 _aTheory
650 _asolid
650 _aproblems
650 _aplane
650 _aof
650 _ageometry
650 _aand
650 _aanalytic
690 _aAnalytical Geometry
906 _a007506
999 _c140034
_d140034